000 00664nam a2200241Ia 4500
003 OSt
005 20221007075923.0
006 a|||||r|||| 00| 0
007 ta
008 221006b |||||||| |||| 00| 0 eng d
020 _a818603028X
_cRs. 275/-
024 _a9,675
037 _cTextual
040 _aFLL
_cFLL
_beng
041 _2eng
_aeng
082 _aZ2, 9534, N6
100 _aRaina Subash C.
_9694384
245 0 _aProbation philosophy, law and practice
260 _aNew Delhi
_bRegency Publications India
_c1996
300 _axvi,187p
_ccm.
942 _hZ2, 9534, N6
_cTEXL
_2CC
999 _c1157825
_d1157825